000 00470nam a22001817a 4500
003 MPLRDC
005 20220104142841.0
008 210129b ||||| |||| 00| 0 eng d
082 _a490.7 BAY
100 _aTIMOTHY BAY著; 王孔正译
245 _a经营者指引: 如何从问题中寻求解决之道
_c
250 _a初版
260 _a
_b业强出版社
_c1984
300 _b
490 _a现代企业新佑;103
650 _a
942 _cBK
_o490.7 BAY
999 _c34219
_d34209